[Event "VIE-ch (Women)"]
[Site "Ho Chi Minh City"]
[Date "2021.03.24"]
[Round "1"]
[White "Luong, Hoang Tu Linh"]
[Black "Nguyen, Thi Thu Huyen"]
[Result "0-1"]
[WhiteElo "1799"]
[BlackElo "2063"]
[PlyCount "80"]
[EventDate "2021.03.24"]
[EventType "swiss"]
[EventRounds "9"]
[EventCountry "VIE"]
[SourceTitle "EXT 2022"]
[Source "ChessBase"]
[SourceDate "2021.10.06"]
[SourceVersion "1"]
[SourceVersionDate "2021.10.06"]
[SourceQuality "1"]

1. d4 d5 2. Nf3 Nf6 3. g3 c6 4. Bg2 Bf5 5. c4 e6 6. Nc3 Nbd7 7. 0-0 Bd6 8. Nd2 0-0 9. e4 dxe4 10. Ndxe4 Bc7 11. Re1 h6 12. b3 e5 13. Ba3 Re8 14. Nd6 Bxd6 15. Bxd6 exd4 16. Qxd4 Nf8 17. Be5 Qxd4 18. Bxd4 Rxe1+ 19. Rxe1 N6d7 20. h3 h5 21. f4 Ne6 22. Be3 Nf6 23. Rd1 a6 24. Kh2 Rd8 25. Rxd8+ Nxd8 26. Bd4 Nd7 27. Bf3 Ne6 28. Be3 Nf6 29. b4 Bd3 30. Be2 Bxe2 31. Nxe2 g6 32. Nc3 b5 33. cxb5 axb5 34. a4 bxa4 35. Nxa4 Nd5 36. Bc5 h4 37. Bd6 hxg3+ 38. Kxg3 Nd4 39. Nb2 Nf5+ 40. Kf3 Nxd6 0-1

[Event "ASEAN-ch (Women) 4th"]
[Site "Bac Giang"]
[Date "2019.10.28"]
[Round "5"]
[White "Putri, Regita Desyari"]
[Black "Nguyen, Thi Thu Huyen"]
[Result "1-0"]
[WhiteElo "1869"]
[BlackElo "2085"]
[PlyCount "118"]
[EventDate "2019.10.25"]
[EventType "swiss"]
[EventRounds "9"]
[EventCountry "VIE"]
[SourceTitle "CBM 192 Extra"]
[Source "Chessbase"]
[SourceDate "2019.11.06"]
[SourceVersion "1"]
[SourceVersionDate "2019.11.06"]
[SourceQuality "1"]

1. d4 Nf6 2. c4 g6 3. Nf3 Bg7 4. g3 0-0 5. Bg2 d6 6. 0-0 Nbd7 7. Nc3 e5 8. e4 h6 9. d5 Ne8 10. Be3 f5 11. Qd2 Kh7 12. Rac1 Ndf6 13. exf5 gxf5 14. c5 Ng4 15. cxd6 cxd6 16. h3 Nxe3 17. Qxe3 Bd7 18. Rfe1 Qf6 19. Qe2 a6 20. a4 Kg8 21. Nd2 Rd8 22. Qc4 h5 23. h4 Bh6 24. Rcd1 Qg6 25. Qd3 Qg7 26. Rf1 f4 27. Nde4 Bf5 28. Qe2 Nf6 29. Kh1 Qg6 30. Nxf6+ Rxf6 31. Bf3 Bg4 32. Bxg4 hxg4 33. Ne4 Rf7 34. f3 gxf3 35. Rxf3 Kh8 36. Rb3 Rdf8 37. Rf1 fxg3 38. Rxf7 Qxf7 39. Rxg3 Qxd5 40. Rg6 Rf4 41. Rg4 Qe6 42. Rxf4 Qh3+ 43. Kg1 Bxf4 44. Qg2 Qxg2+ 45. Kxg2 d5 46. Nc5 e4 47. Nxb7 Kg7 48. Nc5 Kf6 49. Nxa6 Bd6 50. b4 d4 51. Kf2 Ke5 52. Nc5 Be7 53. h5 Bh4+ 54. Ke2 Kd5 55. h6 Bf6 56. a5 d3+ 57. Nxd3 exd3+ 58. Kxd3 Kd6 59. Ke4 Bh8 1-0

[Event "VIE-chB (Women)"]
[Site "Ba Dinh"]
[Date "2018.12.03"]
[Round "8"]
[White "Nguyen, Thi Thu Huyen"]
[Black "Nguyen, Hong Ngoc"]
[Result "0-1"]
[WhiteElo "2085"]
[BlackElo "1861"]
[PlyCount "116"]
[EventDate "2018.11.28"]
[EventType "swiss"]
[EventRounds "9"]
[EventCountry "VIE"]
[SourceTitle "EXT 2021"]
[Source "ChessBase"]
[SourceDate "2020.10.23"]
[SourceVersion "1"]
[SourceVersionDate "2020.10.23"]
[SourceQuality "1"]

1. d4 e6 2. c4 f5 3. Nf3 Nf6 4. Bf4 d6 5. Nc3 Nc6 6. e3 Qe7 7. d5 Nd8 8. Be2 e5 9. Bg5 h6 10. Bxf6 Qxf6 11. Qc2 g6 12. Rc1 a6 13. b4 b6 14. Nd2 Bd7 15. Nb3 Nb7 16. 0-0 Be7 17. f4 0-0 18. Kh1 Rf7 19. Nb1 g5 20. Qc3 a5 21. fxe5 dxe5 22. a3 a4 23. N3d2 c5 24. dxc6 Bxc6 25. c5 bxc5 26. Bc4 Rc8 27. b5 Be8 28. Qc2 Nd6 29. Bxf7+ Qxf7 30. Nc3 Nxb5 31. Rxf5 Qe6 32. Nxb5 Bxb5 33. Qe4 Bf6 34. Rf2 Bg7 35. Nc4 Rd8 36. h3 Be8 37. Qf5 Qxf5 38. Rxf5 Rd3 39. Nxe5 Rxa3 40. Nc4 Rd3 41. Rxc5 Bf7 42. Rc8+ Kh7 43. Rc7 Kg6 44. Ra7 Bxc4 45. Rxc4 Rd1+ 46. Kh2 Be5+ 47. g3 Rd2+ 48. Kg1 Bxg3 49. Ra6+ Kh5 50. Kf1 Rf2+ 51. Kg1 Ra2 52. Rcxa4 Bf2+ 53. Kg2 Rxa4 54. Rxa4 Bxe3 55. Kf3 Bf4 56. Ra6 Bd2 57. Rd6 Bf4 58. Ke4 Bxd6 0-1

[Event "VIE-chB (Women)"]
[Site "Ba Dinh"]
[Date "2018.12.02"]
[Round "7"]
[White "Tran, Phan Bao Khanh"]
[Black "Nguyen, Thi Thu Huyen"]
[Result "1/2-1/2"]
[WhiteElo "1822"]
[BlackElo "2085"]
[PlyCount "121"]
[EventDate "2018.11.28"]
[EventType "swiss"]
[EventRounds "9"]
[EventCountry "VIE"]
[SourceTitle "EXT 2021"]
[Source "ChessBase"]
[SourceDate "2020.10.23"]
[SourceVersion "1"]
[SourceVersionDate "2020.10.23"]
[SourceQuality "1"]

1. d4 d5 2. c4 c6 3. Nf3 Nf6 4. Qc2 dxc4 5. Qxc4 e6 6. Bg5 Be7 7. e3 0-0 8. Be2 Nbd7 9. 0-0 h6 10. Bh4 Ne4 11. Bxe7 Qxe7 12. Nc3 Ng5 13. Nxg5 Qxg5 14. Ne4 Qe7 15. f4 Kh8 16. Rf3 Rb8 17. Rc1 f6 18. Ng3 Nb6 19. Qd3 Bd7 20. Bd1 Rbc8 21. Ne4 e5 22. dxe5 fxe5 23. fxe5 Rxf3 24. gxf3 Qxe5 25. Nd6 Rf8 26. Bc2 Qg5+ 27. Kh1 g6 28. Rg1 Qf6 29. f4 Bf5 30. e4 Be6 31. Qg3 Qxf4 32. Qxf4 Rxf4 33. Rxg6 Bxa2 34. e5 Nc4 35. Rxh6+ Kg8 36. Nxc4 Bxc4 37. e6 Rg4 38. Rg6+ Rxg6 39. Bxg6 Bxe6 40. Kg2 Kg7 41. Bd3 Kf6 42. Kg3 Ke5 43. h4 Bf5 44. Be2 a5 45. Kf3 b5 46. Ke3 a4 47. Bd1 Bg6 48. h5 Bf7 49. h6 Kf6 50. Bc2 c5 51. Kd2 Bb3 52. Be4 b4 53. Kc1 Bf7 54. Bc2 Bb3 55. Be4 c4 56. Kb1 c3 57. bxc3 bxc3 58. Bc2 Bxc2+ 59. Kxc2 Kg6 60. Kxc3 Kxh6 61. Kb4 1/2-1/2

[Event "VIE-chB (Women)"]
[Site "Ba Dinh"]
[Date "2018.11.28"]
[Round "2"]
[White "Nguyen, Thi Thu Huyen"]
[Black "Vo, Thi Kim Phung"]
[Result "0-1"]
[WhiteElo "2085"]
[BlackElo "2368"]
[PlyCount "119"]
[EventDate "2018.11.28"]
[EventType "swiss"]
[EventRounds "9"]
[EventCountry "VIE"]
[SourceTitle "EXT 2021"]
[Source "ChessBase"]
[SourceDate "2020.10.23"]
[SourceVersion "1"]
[SourceVersionDate "2020.10.23"]
[SourceQuality "1"]

1. d4 d5 2. c4 e6 3. Nf3 a6 4. cxd5 exd5 5. Qc2 Bd6 6. Bg5 Nf6 7. e3 c6 8. Bd3 h6 9. Bh4 Be6 10. Nbd2 Nbd7 11. Rb1 0-0 12. 0-0 Qb8 13. Bg3 Rc8 14. Bf5 c5 15. Bxe6 fxe6 16. dxc5 Rxc5 17. Qd1 Bxg3 18. hxg3 Qd6 19. Nb3 Rc7 20. Rc1 Rac8 21. Qe2 Nc5 22. Nfd2 Na4 23. Rxc7 Rxc7 24. e4 Qe5 25. f4 Qxb2 26. exd5 exd5 27. Qe6+ Kh8 28. Nf3 Nc5 29. Qd6 Rc8 30. Nxc5 Qb4 31. Nxb7 Qxb7 32. Ne5 Qa7+ 33. Kh2 Qe3 34. Qe6 Re8 35. Nf7+ Kg8 36. Nxh6+ Kh7 37. Qxe3 Rxe3 38. Nf7 Ra3 39. Ng5+ Kg6 40. Ra1 Kf5 41. Nf3 Ng4+ 42. Kh3 Ne3 43. Rc1 Rxa2 44. Rc7 Ra1 45. Nh4+ Ke4 46. Re7+ Kd3 47. g4 Rh1+ 48. Kg3 Nf1+ 49. Kf2 Rxh4 50. Kxf1 Rxg4 51. Kf2 Rxf4+ 52. Kg3 Re4 53. Rxg7 Ke3 54. Ra7 Re6 55. Kg4 Rg6+ 56. Kh3 d4 57. Re7+ Kd2 58. g4 d3 59. Kg3 Rc6 60. Kf3 0-1

[Event "VIE-ch (Women)"]
[Site "Ho Chi Minh City"]
[Date "2018.05.03"]
[Round "9"]
[White "Nguyen, Thi Thanh An"]
[Black "Nguyen, Thi Thu Huyen"]
[Result "1/2-1/2"]
[WhiteElo "2261"]
[BlackElo "2066"]
[PlyCount "52"]
[EventDate "2018.04.27"]
[EventType "swiss"]
[EventRounds "9"]
[EventCountry "VIE"]
[SourceTitle "CBM 184 Extra"]
[Source "ChessBase"]
[SourceDate "2018.06.28"]
[SourceVersion "1"]
[SourceVersionDate "2018.06.28"]
[SourceQuality "1"]

1. d4 Nf6 2. Nf3 e6 3. g3 b6 4. Bg2 Bb7 5. 0-0 Be7 6. c4 0-0 7. Nc3 Ne4 8. Nxe4 Bxe4 9. Ne1 Bxg2 10. Nxg2 Bf6 11. e4 d6 12. Be3 Nd7 13. Qc2 h5 14. Rad1 Qe7 15. Qe2 g6 16. f4 Rfe8 17. b3 a5 18. Ne1 a4 19. b4 Bg7 20. Nc2 f5 21. e5 Bf8 22. Rfe1 Qf7 23. Bf2 Rab8 24. Qf3 b5 25. c5 d5 26. Qd3 c6 1/2-1/2

[Event "VIE-ch (Women)"]
[Site "Ho Chi Minh City"]
[Date "2018.04.29"]
[Round "4"]
[White "Nguyen, Thi Thao Linh"]
[Black "Nguyen, Thi Thu Huyen"]
[Result "0-1"]
[WhiteElo "1800"]
[BlackElo "2066"]
[PlyCount "140"]
[EventDate "2018.04.27"]
[EventType "swiss"]
[EventRounds "9"]
[EventCountry "VIE"]
[SourceTitle "CBM 184 Extra"]
[Source "ChessBase"]
[SourceDate "2018.06.28"]
[SourceVersion "1"]
[SourceVersionDate "2018.06.28"]
[SourceQuality "1"]

1. d4 d5 2. Nf3 Nf6 3. e3 c6 4. Bd3 Bg4 5. 0-0 e6 6. Nbd2 Be7 7. b3 Nbd7 8. Bb2 0-0 9. c4 c5 10. Rc1 cxd4 11. exd4 Qa5 12. Qc2 Bxf3 13. Nxf3 dxc4 14. bxc4 h6 15. h3 Rab8 16. Rfd1 Ba3 17. Bc3 Qc7 18. Rb1 Bd6 19. Re1 Rfc8 20. Rbc1 Bf4 21. Bd2 b6 22. Qb2 Rd8 23. Qc2 Bxd2 24. Qxd2 Rbc8 25. Qe3 Qd6 26. Red1 Nb8 27. Kh1 Kf8 28. Be2 Qb4 29. Kg1 Nc6 30. Qb3 Qa5 31. d5 exd5 32. cxd5 Nb8 33. Rxc8 Rxc8 34. Ne5 Rc3 35. Qb1 Qc5 36. Qf5 Rc1 37. Rxc1 Qxc1+ 38. Kh2 Qc7 39. Kg1 Nbd7 40. Nc4 Qc5 41. Ne3 b5 42. Qd3 a6 43. Qb3 g6 44. a4 Qc1+ 45. Bf1 Nc5 46. Qb4 bxa4 47. Nc4 Nfd7 48. g3 Kg8 49. Kg2 Qd1 50. d6 Qd4 51. Be2 Ne4 52. Qe1 Ndf6 53. f3 Nc3 54. Bf1 Ncd5 55. Qa5 Ne3+ 56. Nxe3 Qxe3 57. Qxa4 Qd2+ 58. Kg1 Qe3+ 59. Kg2 Qd2+ 60. Kg1 Qxd6 61. Qxa6 Qxg3+ 62. Bg2 Nh5 63. Qc8+ Kg7 64. Qc3+ Kh7 65. Qc4 Qe1+ 66. Kh2 Qe5+ 67. Kg1 Kg7 68. Qb3 Nf4 69. Bf1 Qd4+ 70. Kh1 Qf2 0-1

[Event "VIE-ch (Women)"]
[Site "Ho Chi Minh City"]
[Date "2018.04.28"]
[Round "3"]
[White "Nguyen, Thi Thu Huyen"]
[Black "Hoang, Thi Bao Tram"]
[Result "0-1"]
[WhiteElo "2066"]
[BlackElo "2366"]
[PlyCount "120"]
[EventDate "2018.04.27"]
[EventType "swiss"]
[EventRounds "9"]
[EventCountry "VIE"]
[SourceTitle "CBM 184 Extra"]
[Source "ChessBase"]
[SourceDate "2018.06.28"]
[SourceVersion "1"]
[SourceVersionDate "2018.06.28"]
[SourceQuality "1"]

1. d4 d5 2. c4 e6 3. Nc3 a6 4. cxd5 exd5 5. Nf3 Nf6 6. Bg5 c6 7. Qc2 Bd6 8. e3 Be6 9. Bd3 h6 10. Bh4 Nbd7 11. Rb1 0-0 12. 0-0 Qb8 13. Bf5 Re8 14. b4 b5 15. Bg3 Bxg3 16. hxg3 Bxf5 17. Qxf5 Qd6 18. a4 Nb6 19. Ne5 Nc4 20. Nxc4 dxc4 21. Qc5 Qe6 22. Rfd1 Nd5 23. Rdc1 Red8 24. Nxd5 cxd5 25. Qc7 Rdc8 26. Qe5 Qd7 27. Ra1 bxa4 28. e4 dxe4 29. Qxe4 Rab8 30. Rab1 Qd6 31. Qe5 Qxe5 32. dxe5 c3 33. Rc2 Rc4 34. Kf1 Rbxb4 35. Rbc1 Re4 36. Rxc3 Rxe5 37. Rc8+ Kh7 38. R8c5 Rxc5 39. Rxc5 Rb5 40. Rc3 f6 41. Ra3 Rb4 42. Rd3 Rb1+ 43. Ke2 Rb2+ 44. Ke1 Kg6 45. Ra3 Rb4 46. Rd3 Kf5 47. Rd6 Ke4 48. Rxa6 Kd3 49. f3 Kc2 50. Ra7 Kb2 51. Rxg7 a3 52. Ra7 a2 53. g4 a1Q+ 54. Rxa1 Kxa1 55. Kf2 Kb2 56. Kg3 Kc3 57. f4 Kd4 58. Kh4 Ke4 59. f5 Kf4 60. Kh5 Kg3 0-1

[Event "VIE-chT (Women)"]
[Site "Ho Chi Minh City"]
[Date "2017.07.24"]
[Round "2.5"]
[White "Nguyen, Thi Minh Thu"]
[Black "Nguyen, Thi Thu Huyen"]
[Result "0-1"]
[WhiteElo "1779"]
[BlackElo "2066"]
[PlyCount "64"]
[EventDate "2017.07.24"]
[EventType "team-swiss"]
[EventRounds "9"]
[EventCountry "VIE"]
[SourceTitle "EXT 2019"]
[Source "ChessBase"]
[SourceDate "2018.10.10"]
[SourceVersion "1"]
[SourceVersionDate "2018.10.10"]
[SourceQuality "1"]

1. d4 d5 2. c4 c6 3. Nc3 Nf6 4. e3 e6 5. Nf3 Be7 6. Bd3 0-0 7. 0-0 dxc4 8. Bxc4 b5 9. Bd3 a6 10. Ne4 Nbd7 11. Qc2 Bb7 12. Nxf6+ Nxf6 13. a3 h6 14. b4 a5 15. Bd2 axb4 16. axb4 Nd5 17. Qb3 Qd6 18. e4 Nxb4 19. Be2 Na6 20. Bc3 Nc7 21. Ne5 c5 22. dxc5 Qxc5 23. Nd7 Qg5 24. f4 Qg6 25. Nxf8 Qxe4 26. Bf3 Qe3+ 27. Kh1 Rxa1 28. Rxa1 Bxf3 29. Nd7 Nd5 30. Qb2 Nxf4 31. Rd1 Bxg2+ 32. Qxg2 Nxg2 0-1

[Event "VIE-chT (Women)"]
[Site "Ho Chi Minh City"]
[Date "2017.07.24"]
[Round "1.6"]
[White "Nguyen, Thi Thu Huyen"]
[Black "Ly, Nguyen Ngoc Chau"]
[Result "1-0"]
[WhiteElo "2066"]
[BlackElo "1479"]
[PlyCount "79"]
[EventDate "2017.07.24"]
[EventType "team-swiss"]
[EventRounds "9"]
[EventCountry "VIE"]
[SourceTitle "EXT 2019"]
[Source "ChessBase"]
[SourceDate "2018.10.10"]
[SourceVersion "1"]
[SourceVersionDate "2018.10.10"]
[SourceQuality "1"]

1. d4 Nf6 2. c4 g6 3. Nc3 d5 4. Bg5 Ne4 5. Bf4 Nxc3 6. bxc3 Bg7 7. e3 0-0 8. Nf3 Bf5 9. Qb3 Qc8 10. cxd5 c6 11. dxc6 bxc6 12. Qa3 Re8 13. Be2 a6 14. Ne5 Nd7 15. Nxd7 Qxd7 16. 0-0 Rec8 17. Bf3 Bg4 18. Bxg4 Qxg4 19. Qxe7 Qe6 20. Qxe6 fxe6 21. Rab1 Ra7 22. Rb6 Kf7 23. Rfb1 Kg8 24. h3 a5 25. Rb8 Rxb8 26. Rxb8+ Kf7 27. Rc8 Ra6 28. Rc7+ Kg8 29. Bd6 Bf6 30. e4 Rb6 31. g3 a4 32. Rc8+ Kf7 33. Rf8+ Kg7 34. e5 Bxe5 35. dxe5 Rb1+ 36. Kg2 Rc1 37. Rf6 Rxc3 38. Bf8+ Kg8 39. Bh6 c5 40. Rf8# 1-0

[Event "VIE-ch (Women)"]
[Site "Bac Giang"]
[Date "2016.06.26"]
[Round "7"]
[White "Hoang, Thi Hai Anh"]
[Black "Nguyen, Thi Thu Huyen"]
[Result "1/2-1/2"]
[WhiteElo "1934"]
[BlackElo "2066"]
[PlyCount "92"]
[EventDate "2016.06.22"]
[EventType "swiss"]
[EventRounds "9"]
[EventCountry "VIE"]
[SourceTitle "EXT 2017"]
[Source "ChessBase"]
[SourceDate "2016.10.25"]
[SourceVersion "1"]
[SourceVersionDate "2016.10.25"]
[SourceQuality "1"]

1. d4 d5 2. c4 c6 3. cxd5 cxd5 4. Nc3 Nf6 5. Nf3 e6 6. Bg5 Nbd7 7. e3 Qa5 8. Bxf6 Nxf6 9. Bb5+ Bd7 10. Bxd7+ Nxd7 11. 0-0 Bb4 12. Qb3 Nb6 13. Rac1 Rc8 14. Nb1 0-0 15. a3 Bd6 16. Nbd2 Qa4 17. Qd3 h6 18. h3 a6 19. Qb1 Qb5 20. Rxc8 Rxc8 21. Rc1 Rc6 22. Rxc6 Qxc6 23. Ne1 e5 24. Qc2 exd4 25. Qxc6 bxc6 26. exd4 a5 27. Nd3 a4 28. Kf1 Kf8 29. Ke2 Ke7 30. Nb1 Kd7 31. Nc3 Kc7 32. Nc5 Bxc5 33. dxc5 Nc4 34. Nxa4 Kb7 35. Kd3 Ka6 36. Kc2 Kb5 37. Nb6 Kxc5 38. Nxc4 Kxc4 39. b3+ Kb5 40. Kd3 c5 41. Ke3 f6 42. f4 Kb6 43. g4 Kb5 44. h4 Kb6 45. g5 Kb5 46. Kd3 Kb6 1/2-1/2

[Event "VIE-ch (Women)"]
[Site "Bac Giang"]
[Date "2016.06.26"]
[Round "6"]
[White "Nguyen, Thi Thu Huyen"]
[Black "Nguyen, To Tran"]
[Result "1-0"]
[WhiteElo "2066"]
[BlackElo "1736"]
[PlyCount "77"]
[EventDate "2016.06.22"]
[EventType "swiss"]
[EventRounds "9"]
[EventCountry "VIE"]
[SourceTitle "EXT 2017"]
[Source "ChessBase"]
[SourceDate "2016.10.25"]
[SourceVersion "1"]
[SourceVersionDate "2016.10.25"]
[SourceQuality "1"]

1. d4 g6 2. c4 Bg7 3. Nc3 d6 4. e4 Nf6 5. Nf3 0-0 6. Bg5 c5 7. d5 Nbd7 8. Bd3 h6 9. Bf4 g5 10. Bg3 Nh5 11. Qd2 Nxg3 12. hxg3 a6 13. 0-0-0 Qa5 14. Rh2 b5 15. Rdh1 f6 16. Qe2 b4 17. Nd1 Qxa2 18. Rxh6 Bxh6 19. Rxh6 Kg7 20. Rh2 Ne5 21. Nxe5 dxe5 22. Qh5 Rg8 23. Be2 g4 24. Qh7+ Kf8 25. d6 Ra7 26. Rh6 Be6 27. dxe7+ Rxe7 28. Rxf6+ Bf7 29. Qh6+ Rg7 30. Rxa6 Qb3 31. Qh8+ Rg8 32. Qh6+ Rg7 33. Ne3 Be8 34. Qh8+ Rg8 35. Qf6+ Rf7 36. Qd6+ Re7 37. Ra7 Rgg7 38. Rxe7 Rxe7 39. Nf5 1-0

[Event "VIE-ch (Women)"]
[Site "Bac Giang"]
[Date "2016.06.23"]
[Round "3"]
[White "Le, Thi Ha"]
[Black "Nguyen, Thi Thu Huyen"]
[Result "1-0"]
[WhiteElo "1867"]
[BlackElo "2066"]
[PlyCount "117"]
[EventDate "2016.06.22"]
[EventType "swiss"]
[EventRounds "9"]
[EventCountry "VIE"]
[SourceTitle "EXT 2017"]
[Source "ChessBase"]
[SourceDate "2016.10.25"]
[SourceVersion "1"]
[SourceVersionDate "2016.10.25"]
[SourceQuality "1"]

1. d4 d5 2. c4 c6 3. Nf3 Nf6 4. cxd5 cxd5 5. Nc3 Nc6 6. Bf4 Qb6 7. Qb3 Qxb3 8. axb3 e6 9. e3 Be7 10. Bb5 0-0 11. h3 Bd7 12. 0-0 Nb4 13. Be2 Rfc8 14. Rfc1 Be8 15. Ne1 h6 16. Nd3 a6 17. Kf1 Ne4 18. Nxe4 dxe4 19. Nxb4 Bxb4 20. Rc4 Be7 21. Rac1 Bd7 22. Rc7 Bd8 23. Rxc8 Rxc8 24. Rxc8 Bxc8 25. Bd6 Bd7 26. Ke1 Bc6 27. Kd2 Ba5+ 28. b4 Bd8 29. Kc3 b5 30. Bd1 f5 31. Bh5 g5 32. g4 fxg4 33. Bxg4 Bd5 34. Bh5 Bc6 35. Kd2 Bf6 36. Ke2 Bd7 37. f3 exf3+ 38. Bxf3 Bd8 39. Bg4 Kf7 40. e4 Bc6 41. Ke3 Bf6 42. b3 Bb7 43. Bh5+ Kg8 44. d5 e5 45. Bg4 Bd8 46. Bxe5 Kf7 47. Bh5+ Kf8 48. Bg4 a5 49. bxa5 Bxa5 50. Bd6+ Ke8 51. b4 Bb6+ 52. Bc5 Bd8 53. Kd4 Bf6+ 54. e5 Bg7 55. Bb6 Ba8 56. Bc7 Bb7 57. Kc5 Kf8 58. e6 Bf6 59. d6 1-0

[Event "VIE-chT (Women)"]
[Site "Ho Chi Minh City"]
[Date "2015.07.22"]
[Round "7.4"]
[White "Tran, Thi Kim Loan"]
[Black "Nguyen, Thi Thu Huyen"]
[Result "0-1"]
[WhiteElo "2010"]
[BlackElo "2066"]
[PlyCount "128"]
[EventDate "2015.07.16"]
[EventType "team-swiss"]
[EventRounds "9"]
[EventCountry "VIE"]
[SourceTitle "EXT 2016"]
[Source "ChessBase"]
[SourceDate "2015.10.08"]
[SourceVersion "1"]
[SourceVersionDate "2015.10.08"]
[SourceQuality "1"]

1. d4 d5 2. c4 c6 3. Nc3 Nf6 4. cxd5 cxd5 5. Bf4 e6 6. e3 Bd6 7. Bb5+ Nc6 8. Bxc6+ bxc6 9. Bxd6 Qxd6 10. Qa4 0-0 11. Nf3 c5 12. Qa3 Nd7 13. 0-0 Qa6 14. Qxa6 Bxa6 15. Rfc1 Rfc8 16. Na4 c4 17. b4 cxb3 18. axb3 Rxc1+ 19. Rxc1 Rc8 20. Nc5 Bb5 21. Nd2 Nb8 22. Ra1 Nc6 23. f4 a6 24. Nb1 Nb4 25. Na3 Bd3 26. Kf2 h6 27. Nb1 Bb5 28. Nc3 Nd3+ 29. Nxd3 Bxd3 30. Rc1 Rb8 31. Rd1 Bf5 32. Rd2 Rxb3 33. Na4 Bb1 34. Nc5 Rb6 35. Na4 Rb4 36. Nc3 a5 37. Nxb1 Rxb1 38. Ra2 Rb5 39. Ke2 Kf8 40. Kd2 Ke7 41. Kc3 Kd6 42. g4 f6 43. h4 e5 44. dxe5+ fxe5 45. f5 Rc5+ 46. Kd2 Rb5 47. g5 hxg5 48. hxg5 e4 49. Kc3 Ke5 50. Rf2 Rb6 51. Ra2 Ra6 52. f6 gxf6 53. gxf6 Kxf6 54. Kd4 Ke6 55. Rh2 Ra8 56. Rh6+ Kf5 57. Rh5+ Kg4 58. Rxd5 a4 59. Kxe4 a3 60. Rd7 Ra4+ 61. Ke5 a2 62. Rd1 a1Q+ 63. Rxa1 Rxa1 64. e4 Ra5+ 0-1

[Event "VIE-ch (Women)"]
[Site "Da Lat"]
[Date "2014.04.01"]
[Round "10"]
[White "Pham, Le Thao Nguyen"]
[Black "Nguyen, Thi Thu Huyen"]
[Result "1-0"]
[WhiteElo "2349"]
[BlackElo "2057"]
[PlyCount "169"]
[EventDate "2014.03.26"]
[EventType "swiss"]
[EventRounds "11"]
[EventCountry "VIE"]
[SourceTitle "CBM 159 Extra"]
[Source "ChessBase"]
[SourceDate "2014.04.24"]
[SourceVersion "1"]
[SourceVersionDate "2014.04.24"]
[SourceQuality "1"]

1. d4 d5 2. c4 c6 3. cxd5 cxd5 4. Nc3 Nc6 5. Bf4 Nf6 6. e3 a6 7. Bd3 e6 8. Rc1 Bd7 9. h3 Rc8 10. Nf3 Na5 11. 0-0 Bb4 12. Qe2 0-0 13. Bg5 Bc6 14. Rc2 Be7 15. Rfc1 Nc4 16. Nb1 Nd6 17. Ne5 Bd7 18. Rxc8 Bxc8 19. Qc2 h6 20. Bf4 Qb6 21. Nd2 Rd8 22. Nb3 Bd7 23. Qc7 Qxc7 24. Rxc7 Bf8 25. Na5 Bc8 26. a3 Nfe8 27. Rc1 Bd7 28. Nxd7 Rxd7 29. Kf1 Be7 30. Ke2 Bd8 31. Nb3 Rc7 32. Rc5 Kf8 33. f3 Ke7 34. e4 b6 35. Rc1 Rxc1 36. Nxc1 Nc7 37. Na2 a5 38. a4 Kd7 39. b3 Be7 40. Nc3 Bg5 41. Be5 f6 42. Bg3 Bc1 43. e5 fxe5 44. Bxe5 Nce8 45. h4 Ke7 46. h5 Bb2 47. Nd1 Bc1 48. g4 Bg5 49. Bg6 Bf6 50. Kd3 Bxe5 51. dxe5 Nb7 52. Nf2 Nc5+ 53. Kc3 Nc7 54. Nd3 N7a6 55. f4 Nb8 56. b4 Nb7 57. bxa5 bxa5 58. Ne1 Nc6 59. Nf3 Nc5 60. Bc2 Nb4 61. Nd4 Nxc2 62. Kxc2 Nxa4 63. f5 Nc5 64. Nc6+ Kd7 65. Nxa5 exf5 66. gxf5 Ne4 67. Nb3 Ng3 68. Nd4 Nxh5 69. Kd3 Ng3 70. Ke3 Ne4 71. Kf4 Nc3 72. Ne6 Ne2+ 73. Kf3 Nc1 74. Nxg7 Nd3 75. e6+ Ke7 76. Ke3 Nb4 77. Nh5 Nc6 78. Kf4 Kd6 79. Nf6 Nd8 80. Ne8+ Ke7 81. Nc7 Kd6 82. Nb5+ Kc5 83. e7 Nc6 84. e8Q Kxb5 85. f6 1-0

[Event "VIE-ch op (Women)"]
[Site "Ho Chi Minh City"]
[Date "2013.11.24"]
[Round "8"]
[White "Tran, Thi Mong Thu"]
[Black "Nguyen, Thi Thu Huyen"]
[Result "0-1"]
[WhiteElo "1909"]
[BlackElo "2046"]
[PlyCount "98"]
[EventDate "2013.11.19"]
[EventType "swiss"]
[EventRounds "9"]
[EventCountry "VIE"]
[SourceTitle "CBM 157 Extra"]
[Source "ChessBase"]
[SourceDate "2013.12.19"]
[SourceVersion "1"]
[SourceVersionDate "2013.12.19"]
[SourceQuality "1"]

1. d4 d5 2. c4 c6 3. cxd5 cxd5 4. Nc3 Nf6 5. Nf3 Nc6 6. e3 Bg4 7. Be2 e6 8. 0-0 Bd6 9. h3 Bh5 10. Qb3 a6 11. Bd2 0-0 12. Rfe1 Na5 13. Qd1 Rc8 14. Ne5 Bxe2 15. Nxe2 Ne4 16. Bxa5 Qxa5 17. Nd3 Rc7 18. f3 Nf6 19. Nc3 Rc4 20. a3 Qc7 21. Qb3 b5 22. Ne2 Rc8 23. Qd1 Nh5 24. f4 Nf6 25. Ne5 Bxe5 26. fxe5 Ne4 27. Nf4 Qe7 28. Qg4 Rc2 29. Re2 g6 30. Rf1 Qg5 31. Qf3 Nd2 32. Qf2 Nxf1 33. Rxc2 Rxc2 34. Qxc2 Nxe3 35. Qf2 Nc4 36. Nd3 a5 37. h4 Qe3 38. Qxe3 Nxe3 39. Ne1 f6 40. exf6 Kf7 41. b4 a4 42. Kf2 Nc4 43. Nc2 Kxf6 44. Kf3 e5 45. dxe5+ Kxe5 46. g4 d4 47. Ne1 Nxa3 48. Nd3+ Kd5 49. Kf4 Nc2 0-1

[Event "VIE-ch op (Women)"]
[Site "Ho Chi Minh City"]
[Date "2013.11.19"]
[Round "1"]
[White "Hoang, Thi Bao Tram"]
[Black "Nguyen, Thi Thu Huyen"]
[Result "1/2-1/2"]
[WhiteElo "2261"]
[BlackElo "2046"]
[PlyCount "119"]
[EventDate "2013.11.19"]
[EventType "swiss"]
[EventRounds "9"]
[EventCountry "VIE"]
[SourceTitle "CBM 157 Extra"]
[Source "ChessBase"]
[SourceDate "2013.12.19"]
[SourceVersion "1"]
[SourceVersionDate "2013.12.19"]
[SourceQuality "1"]

1. Nf3 d5 2. g3 Nf6 3. Bg2 Bf5 4. 0-0 e6 5. d3 Bc5 6. c4 c6 7. b3 0-0 8. Bb2 Nbd7 9. Nbd2 Re8 10. Qc2 Qb6 11. h3 Rac8 12. Rac1 Bd6 13. Bxf6 gxf6 14. cxd5 exd5 15. e4 Be6 16. Kh2 Ne5 17. Nxe5 fxe5 18. Nf3 Qd8 19. d4 dxe4 20. Nxe5 f5 21. f3 c5 22. fxe4 cxd4 23. Nc4 Bxc4 24. bxc4 Qg5 25. Qb3 Rc5 26. Rce1 Kh8 27. Qd3 Rg8 28. Rf3 Qg7 29. exf5 Rxf5 30. Ref1 Rg5 31. Kh1 Rxg3 32. Rxg3 Qxg3 33. Qxg3 Rxg3 34. Rd1 Bc5 35. Kh2 Ra3 36. Bxb7 Rxa2+ 37. Kg3 Re2 38. Kf4 Kg7 39. Be4 Bd6+ 40. Kf5 Bc5 41. Ke5 a5 42. Kd5 Bb4 43. Rg1+ Kh6 44. Kxd4 a4 45. Rb1 Bf8 46. Rb6+ Kg5 47. Bxh7 a3 48. Bb1 a2 49. Bxa2 Rxa2 50. Rb8 Bg7+ 51. Kd5 Rd2+ 52. Kc6 Rc2 53. c5 Bd4 54. Rg8+ Kh5 55. Kd5 Bxc5 56. Rh8+ Kg6 57. Rc8 Rd2+ 58. Ke4 Be7 59. Rg8+ Kf7 60. Rg3 1/2-1/2